Normal view MARC view

Entry Topical Term

Number of records used in: 3

001 - CONTROL NUMBER

  • control field: 379

003 - CONTROL NUMBER IDENTIFIER

  • control field: csc

005 - DATE AND TIME OF LATEST TRANSACTION

  • control field: 20140507162050.0

008 - FIXED-LENGTH DATA ELEMENTS

  • fixed length control field: 110526|||a|||||| | ||| d

040 ## - CATALOGING SOURCE

  • Original cataloging agency: csc
  • Transcribing agency: csc

150 ## - HEADING--TOPICAL TERM

  • Topical term or geographic name entry element: JavaScript (Computer program language)

670 ## - SOURCE DATA FOUND

  • Source citation: Work cat.: (csc)0: Flanagan, David. 658, JavaScript :, c2006.